Deprem ve devlet (Record no. 10103)

MARC details
000 -BAŞLIK
Sabit Uzunlukta Kontrol Alanı 00733na a2200265 4500
001 - KONTROL NUMARASI
Denetim Alanı 23672
003 - KONTROL NUMARASI IDENTIFIER
Denetim Alanı MIRAKIL
005 - SON İŞLEM TARİHİ VE ZAMANI
Denetim Alanı 20181213155307.0
008 - SABİT-BOY VERİ ELEMANLARI - GENEL BİLGİLER
Sabit Uzunlukta Kontrol Alanı 171129b tu 000 0
040 ## - KATALOGLAMA KAYNAK
Orijinal Kataloglama Ajansı Milas
Kataloglama Dili tur
Metne Dönüştürmek Ajansı TR-AnCHP
041 ## - DİL KODU
Metin / Ses Parça Veya Ayrı Başlığın Dil Kodu tur
082 ## - DEWEY ONLU SINIFLANDIRMA NUMARASI
Sınıflandırma Numarası 363.3495
Ürün Numarası B21d 1998
090 ## - SINIFLAMA NUMARASI
Sınıflama Numarası 363.3495 B21d 1998
100 ## - ANA GİRİŞ - KİŞİSEL İSİM
Kişisel Ad Babüroğlu, Selahattin
245 ## - BAŞLIK TABLOSU
Başlık Deprem ve devlet
Sorumluluk Tablosu, Vb Selahattin Babüroğlu
260 ## - YAYIN, DAĞITIM, VB
Yayın, Dağıtım, Vb Yeri Ankara
Yayıncı, Dağıtıcı, Vs Adı [yayl.y.]
Yayın, Dağıtım, Vb Tarihi 1998
Üretici Firma Tbmm vakfı ofset
300 ## - FİZİKSEL TANIM
Kapsam 192 s.
Diğer Fiziksel Ayrıntıları tbl. , fotğ.
Boyutlar 22 sm.
504 ## - KAYNAKÇA VB NOT
Kaynakça Vb Notu Dizin var.
650 ## - KONU KATMA GİRİŞ - TOPİKAL DÖNEM
Topikal Süreli Veya Coğrafi Ad Giriş Elemanı Doğal Afetler
Genel Alt Bölümü Depremler
Coğrafi Alt Bölümü Türkiye
942 ## - EKLENDİ GİRİŞ ELEMANLARI (KOHA)
Sınıflandırma Veya Raf Düzeni Kaynak Dewey Decimal Classification
Koha Öğesi Türü Books
999 ## - SİSTEM KONTROL NUMARALARI (KOHA)
Koha Biblionumber 10103
Koha Biblioitemnumber 10103
657 ## - INDEX SÜRE - İŞLEVİ
-- Erzincan Depremi
657 ## - INDEX SÜRE - İŞLEVİ
-- Van Depremi
657 ## - INDEX SÜRE - İŞLEVİ
-- Burdur Depremi
657 ## - INDEX SÜRE - İŞLEVİ
-- Bingöl Depremi
Holdings
Kalıcı Konum Mevcut Konum Edinme Tarihi Edinim Kaynak Toplam Check-Out'Lar Tam Çağrı Numarası Barkod Tarih Son Görülme İtibaren Geçerli Fiyatlar Koha Öğesi Türü
CHP Kütüphanesi CHP Kütüphanesi 11/29/2017 Bağış   363.3495 B21d 1998 017668 11/29/2017 11/29/2017 Books